Empirical determinants of household saving evidence from OECD countries

Guardado en:
Detalles Bibliográficos
Autor principal: Callen, Tim
Otros Autores: Thimann, Christian
Formato: Libro
Lenguaje:inglés
Publicado: Washington International Monetary Fund 1997
Colección:IMF working paper WP/97/181
Materias:
Etiquetas: Agregar Etiqueta
Sin Etiquetas, Sea el primero en etiquetar este registro!

MARC

LEADER 00000nam a2200000 4500
001 c100752
005 20221124074545.3
041 0 |a eng 
044 |a US 
245 1 0 |a Empirical determinants of household saving  |b evidence from OECD countries  |c Prepared by Tim Callen and Christian Thimann 
264 1 |a Washington  |b International Monetary Fund  |c 1997 
300 |a 26 s. 
490 1 |a IMF working paper  |v WP/97/181 
830 0 |a IMF working paper  |v WP/97/181 
610 2 0 |a domácnosti 
610 2 0 |a úspory 
610 2 0 |a dane 
610 2 0 |a systém 
610 2 0 |a zabezpečenie sociálne 
610 2 0 |a krajiny vyspelé 
610 2 0 |a odhady 
610 2 0 |a miera úspor 
610 2 0 |a porovnanie štatistické medzinárodné 
610 2 0 |a analýzy 
610 2 0 |a ukazovatele štatistické 
610 2 0 |a OECD 
100 1 |a Callen, Tim 
700 1 |a Thimann, Christian